Actas de la III Asamblea de Instituciones de Cultura de las Diputaciones Provinciales : Barcelona 1968 Barcelona 1968
Descripción Física:
527 p. : il. ; 24 cm
MARC
| LEADER | 00000nam a2200000Ia 4500 | ||
|---|---|---|---|
| 001 | 1801 | ||
| 003 | BGR | ||
| 005 | 20260324175419.0 | ||
| 008 | 160829s1970 xx 000 0 cat d | ||
| 080 | |a M-3-237 | ||
| 111 | |a Asamblea de Instituciones de Cultura de las Diputaciones Provinciales |c (Barcelona : |d 1968) |9 70448 | ||
| 245 | |a Actas de la III Asamblea de Instituciones de Cultura de las Diputaciones Provinciales : |b Barcelona 1968 | ||
| 260 | |a Barcelona : |b Diputacion Provincial de Barcelona, |c 1970 | ||
| 300 | |a 527 p. : |b il. ; |c 24 cm | ||
| 650 | |a Diputacions províncials |x Congressos |9 29718 | ||
| 650 | |a Equipaments culturals |x Espanya |x Congressos |9 32547 | ||
| 901 | |a Arxiu | ||
| 942 | |n 1 |2 udc |c MON | ||
| 952 | |0 0 |1 0 |4 0 |6 M3237 |7 1 |9 46031 |a Arxiu |b Arxiu |d 2016-12-01 |l 0 |o M-3-237 |p 1801 |r 2016-12-01 00:00:00 |w 2016-12-01 |y ARXIU | ||
| 999 | |c 49532 |d 49532 | ||